000 01778cam a22004934i 4500
003 PE-LiUPU
005 20250731173056.0
008 150623s1998 na rb 000 0 eng d
020 _a0865850550
035 _a(Sirsi) i9780865850552
040 _aPE-LiUPU
_bspa
_cPE-LiUPU
_erda
049 _aPRUA
082 0 4 _a225.008
_bN / 44
_221
245 0 4 _aThe Acts of the Apostles :
_bvariant readings arranged in horizontal lines against codex vaticanus /
_cEditado por Reuben J. Swanson.
264 1 _aPasadena, CA :
_bWilliam Carey International University Press,
_c1998.
300 _a513 páginas ;
_c26 centímetros
336 _atext
_2rdacontent
337 _aunmediated
_2rdamedia
338 _avolume
_2rdacarrier
490 0 _aNew Testament Greek Manuscripts
504 _aIncluye bibliografía.
505 0 _aThe Acts of the Apostles: variant readings arranged in horizontal lines against codex vaticanus.
526 _aSEG42
526 _aSEG41
526 _aSEG40
526 _aSEG39
526 _aP94
526 _aP87
526 _aP86
526 _aP85
526 _aP77
526 _aP76
526 _aP35
630 0 4 _aBiblia.
_pN.T.
_xVersiones.
630 0 4 _aBiblia.
_pN.T.
_vCrítica textual.
630 0 4 _aBiblia.
_pN.T.
_vManuscritos griegos.
700 1 _aSwanson, Reuben J.,
_eed.
942 _2ddc
_cBOOK
949 _a225.008 N / 44
_wDEWEY
_c1
_i48604
_lCCODEBUL1
_mBUL
_r0
_sY
_tBOOK
_u2015-6-24
_xTEOLOGIA
_PP35
_0COMPRA
_o.STAFF. Colección Teología
994 _aC0
_bPEPRU
596 _a1
999 _a225.008 N / 44
_wDEWEY
_c27772
_i48604
_f2021-11-9
_g5
_lCCODEBUL1
_mBUL
_p30.00
_r0
_sY
_tBOOK
_u2015-6-24
_xTEOLOGIA
_PP35
_0COMPRA
_o.STAFF. Colección Teología
_d27772
980 _81
_gALBERTO SANCHEZ Responsable de Automatización